Biochemistry

Biochemistry 3rd edition DONALD VOET, University of Pennsylvania, USA and JUDITH G. VOET, Swarthmore College, USA Biochemistry is a modern classic that has been thoroughly revised. Don and Judy Voet explain biochemical concepts while offering a unified presentation of life and its variation through...

Descripción completa

Guardado en:
Detalles Bibliográficos
Autor principal: Voet, Donald
Formato: Libro
Lenguaje:Undetermined
Publicado: New York John Wiley & Sons 2004
Materias:
Etiquetas: Agregar Etiqueta
Sin Etiquetas, Sea el primero en etiquetar este registro!
Thư viện lưu trữ: Trung tâm Học liệu Trường Đại học Cần Thơ
LEADER 01065nam a2200193Ia 4500
001 CTU_191903
008 210402s9999 xx 000 0 und d
082 |a 572 
082 |b V876 
100 |a Voet, Donald 
245 0 |a Biochemistry 
245 0 |c Donald Voet, Judith G. Voet 
260 |a New York 
260 |b John Wiley & Sons 
260 |c 2004 
520 |a Biochemistry 3rd edition DONALD VOET, University of Pennsylvania, USA and JUDITH G. VOET, Swarthmore College, USA Biochemistry is a modern classic that has been thoroughly revised. Don and Judy Voet explain biochemical concepts while offering a unified presentation of life and its variation through evolution. Incorporates both classical and current research to illustrate the historical source of much of our biochemical knowledge. ∗ This edition has been updated to reflect the enormous advances in molecular and protein structure ∗ Integrated Biochemical Interactions CD 
650 |a Biochemistry,Hóa sinh 
904 |i Hải 
980 |a Trung tâm Học liệu Trường Đại học Cần Thơ